000 00793nam a2200265Ia 4500
003 OSt
005 20221005062039.0
006 a|||||r|||| 00| 0
007 ta
008 221004b |||||||| |||| 00| 0 eng d
020 _a9780415413626 (hbk)
_c9160
024 _a104825
037 _b1126, 11/03/2011, Pioneer Books Distributors
_cTextual
040 _aCRL
_cCRL
_beng
041 _2eng
_aeng
082 _aR4, Q0
100 _aSkorupski John Ed.
245 0 _aRoutledge companion to ethics
260 _aLondon
_bRoutledge UK
_c2010
300 _axxiv,850p.
_ccm.
490 _aRoutledge philosophy companions
650 _aPHILOSOPHY
942 _hR4, Q0
_cTEXL
_2cc
999 _c969137
_d969137